Представление документа в формате RUSMARC

ПолеНазваниеЗначение
  Тип записи a
  Библиографический уровень m
001 Контрольный номер f492cbd7d8cd4685b4ada0f07e197630
005 Дата корректировки 20140526192706.6
101 Язык документа 0_
a Язык текста rus
102 Страна публикации __
a Страна публикации RU
200 Заглавие и сведения об ответственности 1_
a Заглавие 1С: Предприятие 8.2
e Сведения, относящиеся к заглавию руководство администратора
210 Выходные данные 1_
c Издательство Фирма 1С
a Место издания М.
d Дата издания 2009
215 Физическое описание __
a Объем 239 с.
610 Ключевые слова 0_
a Ключевые слова 1С предприятие
610 Ключевые слова 0_
a Ключевые слова 1С бухгалтерский учет
610 Ключевые слова 0_
a Ключевые слова автоматизация бухгалтерского учета
686 Индексы других классификаций __
a Классификационный индекс 65.052.9(2)214
2 Код системы rubbk
801 Источник записи _0
a Страна RU
b Организация РУК
c Дата составления 20111209
g Правила каталогизации PSBO
801 Источник записи _1
a Страна RU
b Организация РУК
c Дата составления 20111209
g Правила каталогизации PSBO
852 Данные о местонахождении __
i Авторский знак О-42
j Шифр хранения ББК 65.052
901 Тип документа __
t Тип документа m
938 Служебная информация __
a Название организации Головной вуз
b Имя БД BOOK
c Название АИБС АИБС ИРБИС